00526 a2200169 4500008004100000020001800041082001700059100003100076245002800107250001200135260004800147300004000195504005100235650001200286700002800298700003000326060120s2014 mau g b 001 0 eng d a978129202256700a535222bPFI1 aPedrotti, Frank L.,d1932-10aIntroduction to optics. a3rd ed. aHarlow :bPearson Education Limited,c2014. axvi, 622, [18] p. :bill. ;c29 cm. aIncludes bibliographical references and index. 0aOptics.1 aPedrotti, Leno Matthew.1 aPedrotti, Leno S.,d1927-